00691nam a22001937a 450000500170000000800410001708200210005810000370007924501350011626000410025130000180029233700100031033800140032049000360033465000210037065000250039170000350041670000460045120231102151850.0150914b1972 sp ||||| |||| 00| 0 spa d a086.1bB311 v.81 aPavese, Cesarec1908-1950eautor aEl diablo sobre las colinasc/ Cesare Pavese ; Prólogo de José-Carlos Mainer Baque ; traducción de Ma. Carmen García Lecha aEstella, Españab: Salvat c, 1972 a159 páginas atexto asin medio aBiblioteca básica salvat v8114aNOVELA ITALIANA  0aLITERATURA ITALIANA aMainer, José Carloseprologo aGarcía Lecha, María Carmenetraductor